000 00351nam a22001337a 4500
020 _a0300057466
050 _aQL697
_bP76 1993
100 _aNoble S. Proctor
245 _aManual of ornithology : avian structure & function
260 _aNew Haven
_b Yale University Press,
_c1993.
300 _axi, 340 p.
700 _aPatrick J.Lynch
942 _cGEN
999 _c1908
_d1908